县级行政区知识问答#18 江源区 Jiangyuan Multiple-choice - Statistics

General Stats
  • This quiz has been taken 8 times
  • The average score is 7 of 10
Answer Stats
Question Answer % Correct
江源区"石人血泪山遗址"见证的历史事件是? 日伪统治
100%
江源区隶属于吉林省哪个地级市? 白山市
88%
江源区境内的主要河流是哪一条? 浑江
75%
江源区传统产业中占主导地位的是? 煤炭工业
75%
江源区冷水鱼养殖的主要品种是? 虹鳟鱼
75%
江源区“干饭盆”地貌的成因是? 火山熔岩侵蚀
63%
江源区“大阳岔寒武-奥陶系界线”的地质价值是? 金钉子剖面
63%
江源区矿泉水“偏硅酸”含量高的主要健康益处是? 强健骨骼
63%
江源区以哪一种岩石闻名? 松花石
50%
江源区“八里坡文化园”的主要功能是? 工业遗址旅游
50%
No matching quizzes found
Score Distribution
Percent of People with Each Score
Percentile by Number Answered
Your Score History
You have not taken this quiz